000 00515nam a2200169Ia 4500
999 _c34565
_d34565
003 OSt
005 20200903123939.0
008 190216s9999||||xx |||||||||||||| ||und||
020 _a9788184872750
040 _coclc
082 _a530
_bCHA/F
100 _aChatterjee, Sanat Kumar
_94407
245 0 _aFundamental Physics An Introduction /
_cSanat Kumar Chatterjee
260 _bNarosa Publishing House,
_c2013.
_aNew Delhi:
650 _aPhysics
942 _cBK
_2ddc
_h530
_iCHA/F
_k530
_mCHA/F